|
|
|
|
| LEADER |
00000nam a2200000 a 4500 |
| 001 |
vtls009464389 |
| 003 |
SK-MaSNL |
| 005 |
20260301125815.0 |
| 008 |
240313s2008 gw 000 fdger |
| 015 |
|
|
|a SNBZSA2009-00090
|
| 020 |
|
|
|a 9783866600560
|q (brož.)
|
| 035 |
|
|
|a urn:nbn:sk:snk-am00cuid
|
| 035 |
|
|
|a urn:nbn:sk:snk-am3hp5e
|
| 035 |
|
|
|a 1FAD4929-989A-4FBE-94D3-9D586975FEA4
|
| 040 |
|
|
|a SNK
|b slo
|c SNK
|e AACR2
|
| 041 |
1 |
|
|a ger
|h slo
|
| 044 |
|
|
|a gw
|c DE
|
| 072 |
|
7 |
|a 821.162.4-3
|x Slovenská próza
|2 konspekt
|
| 080 |
|
|
|a 821.162.4-3
|2 2001
|
| 100 |
1 |
|
|a Beňová, Jana,
|d 1974-
|4 aut
|9 103779
|
| 245 |
1 |
0 |
|a Parker
|b Liebesroman
|c Jana Beňová ; aus dem Slowakischen von Andrea Koch-Reynolds
|
| 250 |
|
|
|a 1. Aufl.
|
| 260 |
|
|
|a [Leipzig]
|b Erata Literaturverlag
|c 2008
|
| 300 |
|
|
|a 123 s.
|c 15 cm
|
| 650 |
0 |
7 |
|a ľúbostné romány
|2 snkph
|9 85247
|
| 650 |
0 |
7 |
|a slovenská próza
|2 snkph
|9 1206
|
| 655 |
|
7 |
|a slovenské romány
|2 snkph
|9 70324
|
| 700 |
1 |
|
|a Koch-Reynolds, Andrea
|4 trl
|9 476341
|
| 919 |
|
|
|a 978-3-86660-056-0
|
| 958 |
|
|
|a ZS
|
| 958 |
|
|
|a LX
|
| 958 |
|
|
|a UP
|
| 958 |
|
|
|a DE
|
| 999 |
|
|
|c 743545
|d 745475
|
| 952 |
|
|
|a SNK
|b SNK
|y PREZ
|7 0
|p 17A0610418
|o snkSE 11718
|i snk2009/2237
|8 2
|g 13.95
|0 0
|1 0
|4 0
|d 2009-01-22
|f 1
|l 0
|r 2026-02-23 23:07:22
|w 2026-02-23
|